Mistrzowie świata w Realu Madryt - Statystyki

Ogólne statystyki
  • Ten quiz został rozwiązany 60 razy
    49 od ostatniego zresetowania
  • Średni wynik to 12 z 24
Statystyki odpowiedzi
Złoto MŚ Lata gry w Realu Odpowiedż % Poprawnych
2018 2024– Kylian Mbappe
94%
2010 2005–2021 Sergio Ramos
91%
2014 2014–2024 Toni Kroos
89%
2010 1999–2015 Iker Casillas
83%
1994, 2002 2002–2007 Ronaldo
81%
2014 2010–2015 Sami Khedira
79%
1998 2001–2006 Zinedine Zidane
79%
2022 2010–2014 Angel Di Maria
77%
2014 2010–2013 Mesut Ozil
74%
2018 2011–2021 Raphael Varane
70%
2006 2006–2009 Fabio Cannavaro
66%
2002 1996–2007 Roberto Carlos
66%
2002 2009–2013 Kaka
64%
2010 2009–2014 Xabi Alonso
60%
2010 2002–2006 2009–2016 Alvaro Arbeloa
57%
2010 2009–2013 Raul Albiol
36%
1998 1997–2000 Christian Karembeu
11%
1974 1974–1977 Paul Breitner
9%
1990 1996–2001 Bodo Illgner
6%
1986 1984–1987 Jorge Valdano
6%
1958, 1962 1959–1960 Didi
2%
1974 1973–1976 Gunter Netzer
2%
1986 1989–1990 Oscar Ruggeri
2%
1994 1991–1993 Ricardo Rocha
2%
Nie znaleziono quizów pasujących do podanych kryteriów
Rozkład punktacji
Procent ludzi z każdym wynikiem
Percentyl według liczby udzielonych odpowiedzi
Twoja historia wyników
Nie rozwiązałeś tego quizu od ostatniego zresetowania